000
00340nam a2200145Ia 4500
008
150201s2009 xx 000 0 und d
082
_a
610
_b
A09R
100
_a
ROSEVEARE,CHRIS
245
_a
ACUTE MEDICINE
250
_a
1ST
260
_b
WILEY BLACKWELL
_a
UK
_c
2009
300
_a
1-240
650
_a
MEDICINE AND DIAGNOSIS
942
_2
ddc
_c
BK
999
_c
574
_d
574